LEADER 01398nam0-22003971i-450- 001 990005526000203316 005 20050705120000.0 035 $a000552600 035 $aUSA01000552600 035 $a(ALEPH)000552600USA01 035 $a000552600 100 $a20050705d1978-------|0itac50------ba 101 $aita 102 $aIT 105 $a|||| ||||| 200 1 $a<>Occidente nel 14 e nel 15 secolo$easpetti economici e sociali$fJacques Heers$gedizione italiana a cura di Franco Saba - Milano : Mursia, c1978 - 379 p. : c. geogr.$g22 cm 225 2$aNuova Clio$v12 410 1$12001$aNuova Clio$v12 454 1$1001USA19372$12001$a<> Occident aux 14. et 15. siecles. Aspects ecomomiques et sociaux$949176 606 $aEUROPA$xCONDIZIONI ECONOMICHE E SOCIALI$xSEC. 14.-15.$2FI 620 $dMilano 676 $a940.1$cStoria generale dell'Europa - Medioevo$v21 700 1$aHEERS,$bJacques$0143901 702 1$aSABA,$bFranco 712 $aMursia 801 $aIT$bSOL$c20120104 912 $a990005526000203316 950 $aDIP.TO SCIENZE ECONOMICHE - (SA)$dDS 900 940.1 HEE$e1273 DISES 951 $a900 940.1 HEE$b1273 DISES 959 $aBK 969 $aDISES 979 $c20121027$lUSA01$h1532 979 $c20121027$lUSA01$h1613 996 $aOccident aux 14. et 15. siecles. Aspects ecomomiques et sociaux$949176 997 $aUNISA NUM $aUSA14297 LEADER 02280nam0 2200445 i 450 001 VAN0126470 005 20230801023314.915 017 70$2N$a9783030268565 100 $a20200203d2019 |0itac50 ba 101 $aeng 102 $aCH 105 $a|||| ||||| 200 1 $aGeometric Representation Theory and Gauge Theory$eCetraro, Italy 2018$fAlexander Braverman ?$bet al.] ; Ugo Bruzzo, Antonella Grassi, Francesco Sala editors 210 $aCham$cSpringer$d2019 215 $aix, 127 p.$d24 cm 410 1$1001VAN0050834$12001 $aLecture notes in mathematics. Fondazione CIME. Firenze$1210 $aBerlin$cSpringer$1300 $aDal 2011: C.I.M.E. Foundation Subseries 461 1$1001VAN0102250$12001 $aLecture notes in mathematics$1210 $aBerlin [etc.]$cSpringer$v2248 500 1$3VAN0234189$aGeometric Representation Theory and Gauge Theory : Cetraro, Italy 2018$91577478 606 $a14-XX$xAlgebraic geometry [MSC 2020]$3VANC019702$2MF 606 $a81Txx$xQuantum field theory; related classical field theories [MSC 2020]$3VANC027580$2MF 606 $a14Dxx$xFamilies, fibrations in algebraic geometry [MSC 2020]$3VANC035325$2MF 610 $aBraid Groups and Markov Trace$9KW:K 610 $aCoulomb Branch of Quantum Gauge Theories$9KW:K 610 $aHecke Correspondences Between Moduli Spaces of Sheaves$9KW:K 610 $aMatrix Factorization$9KW:K 610 $aModuli Spaces$9KW:K 620 $aCH$dCham$3VANL001889 702 1$aBruzzo$bUgo$3VANV075982$4340 702 1$aGrassi$bAntonella$3VANV097848$4340 702 1$aSala$bFrancesco$3VANV030811$4340 702 1$aBraverman$bAlexander$3VANV097847 712 $aSpringer $3VANV108073$4650 801 $aIT$bSOL$c20240614$gRICA 856 4 $uhttp://doi.org/10.1007/978-3-030-26856-5$zE-book ? Accesso al full-text attraverso riconoscimento IP di Ateneo, proxy e/o Shibboleth 899 $aBIBLIOTECA DEL DIPARTIMENTO DI MATEMATICA E FISICA$1IT-CE0120$2VAN08 912 $fN 912 $aVAN0126470 950 $aBIBLIOTECA DEL DIPARTIMENTO DI MATEMATICA E FISICA$d08CONS e-book $e08LNM2248 20200203 $sDa collocare 996 $aGeometric Representation Theory and Gauge Theory$91577478 997 $aUNICAMPANIA LEADER 01552nam0 22003853i 450 001 VAN0274890 005 20240524031458.481 017 70$2N$a9783030673116 100 $a20240415d2021 |0itac50 ba 101 $aeng 102 $aCH 105 $a|||| ||||| 200 1 $aLuminescence$eData Analysis and Modeling Using R$fVasilis Pagonis 210 $aCham$cSpringer$d2021 215 $axxii, 350 p.$cill.$d24 cm 410 1$1001VAN0102661$12001 $aUse R!$1210 $aBerlin [etc.]$cSpringer 606 $a68-XX$xComputer science [MSC 2020]$3VANC019670$2MF 606 $a62-XX$xStatistics [MSC 2020]$3VANC022998$2MF 610 $aDosimetry$9KW:K 610 $aLuminescence dating$9KW:K 610 $aLuminescence dosimetry$9KW:K 610 $aLuminescence modeling$9KW:K 610 $aRadiation Monitoring$9KW:K 610 $aRadiation protection dosimetry$9KW:K 620 $aCH$dCham$3VANL001889 700 1$aPagonis$bVasilis$3VANV227343$0945657 712 $aSpringer $3VANV108073$4650 801 $aIT$bSOL$c20240614$gRICA 856 4 $uhttps://doi.org/10.1007/978-3-030-67311-6$zE-book ? Accesso al full-text attraverso riconoscimento IP di Ateneo, proxy e/o Shibboleth 899 $aBIBLIOTECA DEL DIPARTIMENTO DI MATEMATICA E FISICA$1IT-CE0120$2VAN08 912 $fN 912 $aVAN0274890 950 $aBIBLIOTECA DEL DIPARTIMENTO DI MATEMATICA E FISICA$d08CONS e-book 8296 $e08eMF8296 20240430 996 $aLuminescence$92135466 997 $aUNICAMPANIA